Loading...
Kavithakal
| Main Author: | |
|---|---|
| Format: | Printed Book |
| Language: | Malayalam |
| Published: |
Granthakartha
Granthakartha
1993
|
| LEADER | 00393nam a2200121Ia 4500 | ||
|---|---|---|---|
| 008 | 111205s9999 xx 000 0 mal d | ||
| 100 | |a Gireesh | ||
| 245 | |a Kavithakal |c Gireesh | ||
| 260 | |b Granthakartha |a Granthakartha |c 1993 | ||
| 300 | |a 50 | ||
| 942 | |c BK | ||
| 999 | |c 209044 |d 209044 | ||
| 952 | |0 0 |1 0 |2 ddc |4 1 |7 0 |9 231243 |a MAL |b MAL |c ST1 |d 1978-03-18 |g 10.00 |l 1 |p MAL26479 |r 2019-07-11 |s 2019-05-14 |v 10.00 |w 2011-12-05 |y BK | ||